000 00291nam a22001337a 4500
008 170809b xxu||||| |||| 00| 0 eng d
020 _a9781133593454
041 _aeng
080 _a004
100 _a35
101 _aSHK
245 _aDISCOVERING COMPUTERS
_cSHELLY,G.B
942 _2udc
_cBK
999 _c22974
_d22974